马来西亚所有官方城市(城市点位地图版) - Statistics

General Stats
  • This quiz has been taken 33 times
  • The average score is 5 of 20
Answers on the Map
Answers color-coded by a green-red scale on the quiz's map according to % correct below.
 
Answer Stats
城市 % Correct
联邦直辖区 吉隆坡
100%
柔佛州 新山
63%
马六甲州 马六甲
50%
砂拉越州 古晋
50%
霹雳州 怡保
38%
沙巴州 亚庇
38%
联邦直辖区 布城
38%
槟城州 槟岛
25%
登嘉楼州 瓜拉登嘉楼
25%
槟城州 威省
13%
雪兰莪州 巴生
13%
森美兰州 芙蓉
13%
彭亨州 关丹
13%
吉打州 亚罗士打
13%
雪兰莪州 梳邦再也
0%
雪兰莪州 莎阿南
0%
雪兰莪州 八打灵再也
0%
柔佛州 依斯干达公主城
0%
砂拉越州 美里
0%
柔佛州 巴西古当
0%
No matching quizzes found
Score Distribution
Percent of People with Each Score
Percentile by Number Answered
Your Score History
You have not taken this quiz